[Event "Kent Oliver mem"]
[Site "Winnipeg CAN"]
[Date "1998.01.04"]
[Round "4"]
[White "Hassain, Mahmud"]
[Black "Cleto, Sam"]
[Result "1-0"]
[WhiteElo "1903"]
[BlackElo "1917"]
[PlyCount "39"]
[GameId "2160767911874111"]
[EventDate "1998.01.02"]
[EventType "swiss"]
[EventRounds "5"]
[EventCountry "CAN"]

1. e4 c6 2. d4 d5 3. e5 Bf5 4. h4 h6 5. g4 Bh7 6. Ne2 e6 7. Ng3 f6 8. f4 c5 9. c3 Nc6 10. Bd3 Bxd3 11. Qxd3 Qb6 12. Ne2 O-O-O 13. a3 Kb8 14. h5 Nge7 15. b4 cxd4 16. cxd4 Rc8 17. Nd2 fxe5 18. fxe5 g6 19. Nb3 gxh5 20. Nc5 1-0

[Event "Kent Oliver mem"]
[Site "Winnipeg CAN"]
[Date "1998.01.04"]
[Round "4"]
[White "Khedkar, Jay"]
[Black "Lauritson, Jim"]
[Result "0-1"]
[WhiteElo "1993"]
[BlackElo "2077"]
[PlyCount "57"]
[GameId "2160767911874112"]
[EventDate "1998.01.02"]
[EventType "swiss"]
[EventRounds "5"]
[EventCountry "CAN"]

1. e4 c5 2. Nf3 e6 3. d4 cxd4 4. Nxd4 Nc6 5. Nb5 d6 6. c4 a6 7. Nd4 Qc7 8. Nc3 Nf6 9. Be3 b6 10. Rc1 Ne5 11. Be2 Bb7 12. f3 Be7 13. O-O O-O 14. g4 Rfd8 15. g5 Ne8 16. f4 Nd7 17. b4 Rac8 18. Qe1 Qb8 19. Qf2 d5 20. f5 e5 21. Ne6 d4 22. g6 fxe6 23. fxe6 Ndf6 24. gxh7+ Kh8 25. Nd5 Bxd5 26. exd5 dxe3 27. Qf5 Bxb4 28. Qg6 Qd6 29. h4 0-1

[Event "Kent Oliver mem"]
[Site "Winnipeg CAN"]
[Date "1998.01.04"]
[Round "4"]
[White "Langner, David"]
[Black "Lukic, Luka"]
[Result "1-0"]
[WhiteElo "2258"]
[BlackElo "1944"]
[PlyCount "41"]
[GameId "2160767911874113"]
[EventDate "1998.01.02"]
[EventType "swiss"]
[EventRounds "5"]
[EventCountry "CAN"]

1. e4 c6 2. d4 d5 3. e5 Bf5 4. Nc3 e6 5. g4 Bg6 6. Nge2 Bb4 7. Bg2 Ne7 8. h4 h5 9. Nf4 hxg4 10. Nxg6 Nxg6 11. h5 Nh4 12. Qxg4 Nxg2+ 13. Qxg2 Bf8 14. Bg5 Qb6 15. O-O-O c5 16. dxc5 Qxc5 17. Nxd5 Na6 18. Nc3 Rc8 19. Qxb7 Nb8 20. Rh3 f6 21. exf6 1-0

[Event "Kent Oliver mem"]
[Site "Winnipeg CAN"]
[Date "1998.01.04"]
[Round "4"]
[White "Wierda, John"]
[Black "Barg, Andrew"]
[Result "1-0"]
[WhiteElo "1783"]
[BlackElo "1815"]
[PlyCount "57"]
[GameId "2160767911874114"]
[EventDate "1998.01.02"]
[EventType "swiss"]
[EventRounds "5"]
[EventCountry "CAN"]

1. e4 c5 2. c3 d5 3. exd5 Qxd5 4. d4 cxd4 5. Nf3 Bg4 6. Be2 e6 7. cxd4 Nf6 8. Nc3 Bb4 9. O-O Bxc3 10. bxc3 O-O 11. Qb3 Nbd7 12. Be3 Rac8 13. Rac1 Nb6 14. c4 Qd8 15. c5 Nbd5 16. Qxb7 Ne4 17. h3 Bh5 18. Qb3 Rb8 19. Qc2 Ng3 20. Rfe1 Bg6 21. Qc4 Rb4 22. Qa6 Qf6 23. Ne5 Nxe3 24. fxe3 Qg5 25. Bf3 Nf5 26. Nxg6 hxg6 27. Qe2 Rfb8 28. c6 Rb2 29. c7 1-0

[Event "Kent Oliver mem"]
[Site "Winnipeg CAN"]
[Date "1998.01.04"]
[Round "5"]
[White "Gushuliak, Justin"]
[Black "Zabala, Gustavo"]
[Result "1-0"]
[WhiteElo "1604"]
[BlackElo "1478"]
[PlyCount "33"]
[GameId "2160767911874115"]
[EventDate "1998.01.02"]
[EventType "swiss"]
[EventRounds "5"]
[EventCountry "CAN"]

1. e4 c5 2. Nf3 d6 3. d4 cxd4 4. Nxd4 Nc6 5. Be3 Nf6 6. f3 g6 7. Bc4 Bg7 8. Nc3 O-O 9. Qd2 Bd7 10. O-O-O Ne5 11. Bb3 Rc8 12. h4 h5 13. Bh6 Qa5 14. Bxg7 Kxg7 15. Qg5 e6 16. f4 Neg4 17. Qxa5 1-0

[Event "Kent Oliver mem"]
[Site "Winnipeg CAN"]
[Date "1998.01.04"]
[Round "5"]
[White "Kaptsan, Aron"]
[Black "Hassain, Mahmud"]
[Result "1-0"]
[WhiteElo "2255"]
[BlackElo "1903"]
[PlyCount "97"]
[GameId "2160767911874116"]
[EventDate "1998.01.02"]
[EventType "swiss"]
[EventRounds "5"]
[EventCountry "CAN"]

1. d4 c5 2. d5 f5 3. c4 Nf6 4. Nc3 d6 5. Qc2 e6 6. g3 exd5 7. cxd5 Na6 8. Bg2 Nc7 9. a4 b6 10. Nh3 Rb8 11. O-O Be7 12. Nf4 O-O 13. Rd1 a6 14. Nd3 Qe8 15. b4 Bd8 16. Rb1 c4 17. Ne1 b5 18. a5 Nd7 19. Nf3 Bf6 20. Nd4 Bxd4 21. Rxd4 Nf6 22. Bf4 Qe7 23. Rbd1 Nce8 24. Qd2 Rb7 25. Bh3 Nh5 26. Bg5 Nef6 27. e4 h6 28. Bxf6 Qxf6 29. Qe2 Qg6 30. exf5 Bxf5 31. Bxf5 Qxf5 32. Qe6+ Qf7 33. f4 Rd7 34. g4 Nf6 35. g5 Ne8 36. gxh6 Re7 37. Qxf7+ Rexf7 38. hxg7 Rxg7+ 39. Kf2 Rh7 40. Kg2 Rg7+ 41. Kf3 Rf5 42. Ne4 Rh7 43. Kg4 Rhf7 44. Ng5 Rxd5 45. Nxf7 Nf6+ 46. Kf3 Rxd4 47. Nh6+ Kh7 48. Rxd4 Kxh6 49. Rxd6 1-0

[Event "Kent Oliver mem"]
[Site "Winnipeg CAN"]
[Date "1998.01.04"]
[Round "5"]
[White "Langner, David"]
[Black "Gentes, Kevin"]
[Result "1/2-1/2"]
[WhiteElo "2368"]
[BlackElo "2258"]
[PlyCount "38"]
[GameId "2160767911874117"]
[EventDate "1998.01.02"]
[EventType "swiss"]
[EventRounds "5"]
[EventCountry "CAN"]

1. e4 c5 2. Nf3 d6 3. d4 cxd4 4. Nxd4 Nf6 5. Nc3 a6 6. Bg5 e6 7. f4 Nbd7 8. Qf3 Qc7 9. O-O-O Be7 10. Qg3 h6 11. Bh4 g5 12. fxg5 Nh5 13. Qe3 Qc5 14. Kb1 hxg5 15. Bf2 Ne5 16. Qd2 Qc7 17. Nf3 Rg8 18. Nxe5 dxe5 19. h4 g4 1/2-1/2

[Event "Kent Oliver mem"]
[Site "Winnipeg CAN"]
[Date "1998.01.04"]
[Round "5"]
[White "Lukic, Luka"]
[Black "Babb, Jeff"]
[Result "1/2-1/2"]
[WhiteElo "1944"]
[BlackElo "2257"]
[PlyCount "92"]
[GameId "2160767911874118"]
[EventDate "1998.01.02"]
[EventType "swiss"]
[EventRounds "5"]
[EventCountry "CAN"]

1. e4 e5 2. Nf3 Nc6 3. Bb5 a6 4. Ba4 Nf6 5. d3 Bc5 6. O-O d6 7. Bg5 h6 8. Bh4 Bg4 9. Nbd2 g5 10. Bg3 Nh5 11. Kh1 Qd7 12. Bxc6 bxc6 13. c3 O-O 14. Qa4 Bb6 15. d4 f6 16. Qc4+ Kg7 17. Qd3 Qf7 18. Ng1 Be6 19. b3 a5 20. Nc4 a4 21. Nxb6 cxb6 22. c4 Rfd8 23. d5 Bd7 24. b4 cxd5 25. cxd5 f5 26. f3 Nxg3+ 27. hxg3 Qh5+ 28. Nh3 fxe4 29. g4 exd3 30. gxh5 Bxh3 31. gxh3 Rac8 32. Rad1 Rc3 33. Kg1 Rdc8 34. Kf2 R8c4 35. Ke3 Rxb4 36. Rb1 Rd4 37. Rxb6 d2+ 38. Ke2 Rc2 39. Rd1 Rxd5 40. Rb7+ Kg8 41. h4 gxh4 42. Rg1+ Kf8 43. Rb8+ Kf7 44. Rb7+ Kf8 45. Rb8+ Kf7 46. Rb7+ Kf8 1/2-1/2

[Event "Kingston op"]
[Site "Kingston CAN"]
[Date "1998.02.14"]
[Round "1"]
[White "Predescu, Sebastian"]
[Black "Chobanov, Gabriel"]
[Result "1-0"]
[WhiteElo "1622"]
[BlackElo "1831"]
[PlyCount "55"]
[GameId "2160767911873897"]
[EventDate "1998.02.14"]
[EventType "swiss"]
[EventRounds "5"]
[EventCountry "CAN"]
[SourceTitle "CFC 1998.04"]

1. d4 d5 2. Nf3 e6 3. Bf4 Nf6 4. e3 Bd6 5. Bg3 O-O 6. Nbd2 b6 7. Bd3 Bb7 8. c3 Bxg3 9. hxg3 Nbd7 10. Qc2 g6 11. Ng5 Kg7 12. Ndf3 c5 13. Nh4 c4 14. Bxg6 hxg6 15. Nxe6+ Kg8 16. Nxd8 Rfxd8 17. Ke2 Ne4 18. Nf3 Ndf6 19. Nd2 b5 20. a3 Bc8 21. Nxe4 Nxe4 22. Rag1 Bf5 23. Qc1 a5 24. Rh6 b4 25. f3 Nxg3+ 26. Kf2 Nh5 27. g4 Kg7 28. e4 1-0

[Event "Kingston op"]
[Site "Kingston CAN"]
[Date "1998.02.15"]
[Round "5"]
[White "Ibrahim, Ismail"]
[Black "Bond, Hal"]
[Result "1-0"]
[WhiteElo "1896"]
[BlackElo "1904"]
[PlyCount "53"]
[GameId "2160767911873899"]
[EventDate "1998.02.14"]
[EventType "swiss"]
[EventRounds "5"]
[EventCountry "CAN"]
[SourceTitle "CFC 1998.04"]

1. e4 Nf6 2. e5 Nd5 3. c4 Nb6 4. a4 d6 5. a5 N6d7 6. e6 fxe6 7. d4 g6 8. Bd3 Bg7 9. Nf3 Nf6 10. Bg5 Nbd7 11. Qc2 Nf8 12. Nc3 Bd7 13. O-O Bc6 14. Nd2 d5 15. c5 Ne4 16. Ndxe4 dxe4 17. Bxe4 Qxd4 18. Bxc6+ bxc6 19. Be3 Qf6 20. Qe4 e5 21. Nb5 Rb8 22. Nxa7 Rxb2 23. Nxc6 Ne6 24. a6 O-O 25. a7 Ra8 26. Nxe7+ Qxe7 27. Qxa8+ 1-0

[Event "Kitchener Fall op"]
[Site "Kitchener CAN"]
[Date "1998.11.21"]
[Round "2"]
[White "Van Leeuwen, Jan"]
[Black "Wood, Bryan"]
[Result "0-1"]
[WhiteElo "1574"]
[BlackElo "1486"]
[PlyCount "102"]
[GameId "2160767911806062"]
[EventDate "1998.11.21"]
[EventType "swiss"]
[EventRounds "5"]
[EventCountry "CAN"]

1. e4 e6 2. d4 d5 3. Nc3 Bb4 4. e5 Nc6 5. a3 Bxc3+ 6. bxc3 Nge7 7. Qg4 Ng6 8. Nf3 f6 9. Bd3 f5 10. Qg3 O-O 11. h4 Qe8 12. h5 Nh8 13. h6 g6 14. Bg5 Nf7 15. Bf6 Nh8 16. Bg7 Rf7 17. Qg5 Qe7 18. Bf6 Qe8 19. g4 Ne7 20. Nh4 Bd7 21. gxf5 exf5 22. Kd2 c6 23. Rae1 Be6 24. Re3 Rc8 25. Rf3 Qd7 26. Rg1 c5 27. Rf4 b5 28. Bxb5 Qxb5 29. Bxe7 cxd4 30. cxd4 Qc4 31. Bc5 Qb5 32. Rg3 Qa5+ 33. Kd1 Qd8 34. Qh5 Qe8 35. Nxf5 Qa4 36. Ne7+ Rxe7 37. Bxe7 Qxc2+ 38. Ke1 Qc1+ 39. Qd1 Qxf4 40. Qd2 Rc1+ 41. Ke2 Qe4+ 42. Re3 Bg4+ 43. f3 Bxf3+ 44. Kf2 Rc2 45. Rxe4 Bxe4 46. Ke2 Rxd2+ 47. Kxd2 Nf7 48. e6 Nxh6 49. Bc5 a6 50. Ke3 g5 51. Be7 Nf5+ 0-1

[Event "Kitchener Fall op"]
[Site "Kitchener CAN"]
[Date "1998.11.22"]
[Round "5"]
[White "McTavish, David"]
[Black "Allen, Graham"]
[Result "1-0"]
[WhiteElo "2200"]
[BlackElo "2225"]
[PlyCount "73"]
[GameId "2160767911806063"]
[EventDate "1998.11.21"]
[EventType "swiss"]
[EventRounds "5"]
[EventCountry "CAN"]

1. e4 e6 2. d3 d5 3. Nd2 c5 4. Ngf3 Nc6 5. g3 b6 6. c3 Bb7 7. Qc2 Nf6 8. Bg2 Be7 9. O-O Qc7 10. Re1 O-O-O 11. Nf1 d4 12. cxd4 Nb4 13. Qb3 c4 14. dxc4 Bxe4 15. Bf4 Qb7 16. Rxe4 Qxe4 17. Ne5 Qxd4 18. Qa4 b5 19. cxb5 Bc5 20. Be3 Qxe5 21. Rc1 Nd3 22. Qxa7 Qc7 23. Qa6+ Kd7 24. Rxc5 Nxc5 25. Bc6+ Ke7 26. Bxc5+ Rd6 27. Qa3 Nd7 28. Bb4 Nb6 29. Ne3 Rhd8 30. Qd3 f5 31. a4 Kf7 32. Bxd6 Qxd6 33. Qxd6 Rxd6 34. a5 Nd7 35. Bxd7 Rxd7 36. b6 Ke7 37. a6 1-0

[Event "Kitchener Winter op"]
[Site "Kitchener CAN"]
[Date "1998.02.21"]
[Round "2"]
[White "Cohen, David"]
[Black "Palsson, Halldor"]
[Result "1-0"]
[WhiteElo "2004"]
[BlackElo "2205"]
[PlyCount "123"]
[GameId "2160767911873878"]
[EventDate "1998.02.21"]
[EventType "swiss"]
[EventRounds "5"]
[EventCountry "CAN"]

1. d4 d5 2. c4 e6 3. Nc3 c6 4. e3 Nf6 5. Nf3 Nbd7 6. Bd3 dxc4 7. Bxc4 b5 8. Bd3 b4 9. Ne4 Bb7 10. O-O Be7 11. Bd2 O-O 12. Rc1 Qb6 13. Ne5 Nxe5 14. dxe5 Nxe4 15. Bxe4 c5 16. Qc2 g6 17. Bd3 Rfd8 18. e4 Rd7 19. Be3 Rad8 20. Bc4 a6 21. Rce1 Qc7 22. f4 Qc6 23. Bc1 Rd4 24. f5 gxf5 25. Rf4 Bg5 26. Rf2 f4 27. Bxf4 Bxf4 28. Rxf4 Rd2 29. Qb3 Qc7 30. Qg3+ Kh8 31. Qg5 f5 32. Qf6+ Qg7 33. Qxg7+ Kxg7 34. Bxe6 Bxe4 35. Bxf5 Bxf5 36. Rxf5 Rxb2 37. Rg5+ Kh6 38. h4 Re8 39. Rf1 Re6 40. Rf6+ Rxf6 41. exf6 Rb1+ 42. Kf2 Rb2+ 43. Ke3 Rb1 44. Rf5 Re1+ 45. Kd2 Re8 46. Rxc5 Kg6 47. Rc6 a5 48. g4 a4 49. g5 Rd8+ 50. Kc2 h6 51. f7+ Kxf7 52. Rxh6 Rd4 53. h5 Rg4 54. Rh7+ Kg8 55. g6 Rg2+ 56. Kd3 Rxa2 57. h6 Rg2 58. Rg7+ Kf8 59. Rf7+ Kg8 60. h7+ Kh8 61. Rf8+ Kg7 62. h8=Q+ 1-0

[Event "Kitchener Winter op"]
[Site "Kitchener CAN"]
[Date "1998.02.21"]
[Round "2"]
[White "Ryzycki, Bohdan"]
[Black "Majstorovic, Dan"]
[Result "0-1"]
[WhiteElo "1966"]
[BlackElo "2033"]
[PlyCount "88"]
[GameId "2160767911873879"]
[EventDate "1998.02.21"]
[EventType "swiss"]
[EventRounds "5"]
[EventCountry "CAN"]
[SourceTitle "CFC 1998.06"]

1. e4 e6 2. d4 d5 3. Nd2 Nf6 4. exd5 exd5 5. Ngf3 Bg4 6. Be2 Nc6 7. O-O Be7 8. Re1 O-O 9. Nf1 Ne4 10. Ne3 f5 11. Ne5 Bxe2 12. Rxe2 f4 13. f3 Nxe5 14. dxe5 Bc5 15. fxe4 dxe4 16. Kh1 f3 17. gxf3 exf3 18. Rf2 Qxd1+ 19. Nxd1 Rad8 20. Ne3 g5 21. Rf1 h5 22. Nc4 Rd4 23. b3 b5 24. Nb2 Rg4 25. Bd2 Bd4 26. c3 Bxe5 27. Rae1 Bd6 28. Rf2 Bc5 29. Be3 Re4 30. Nd1 g4 31. Rff1 Rfe8 32. Bxc5 Rxe1 33. Kg1 R8e2 34. Bf2 Rxf1+ 35. Kxf1 Rxa2 36. b4 Kf7 37. Bg3 c6 38. Ke1 Re2+ 39. Kf1 Ke6 40. Nf2 Rc2 41. Nd1 h4 42. Bf2 a6 43. Ne3 Rc1+ 44. Be1 g3 0-1

[Event "Kitchener Winter op"]
[Site "Kitchener CAN"]
[Date "1998.02.21"]
[Round "3"]
[White "McTavish, Dale"]
[Black "Cohen, David"]
[Result "1-0"]
[WhiteElo "2229"]
[BlackElo "2004"]
[PlyCount "137"]
[GameId "2160767911873880"]
[EventDate "1998.02.21"]
[EventType "swiss"]
[EventRounds "5"]
[EventCountry "CAN"]

1. e4 c5 2. Nf3 d6 3. d4 cxd4 4. Nxd4 Nf6 5. Nc3 a6 6. Bg5 b5 7. Bxf6 gxf6 8. Qh5 Qb6 9. O-O-O e6 10. g3 Nc6 11. Nce2 Bd7 12. Bh3 Nxd4 13. Nxd4 Qc5 14. Qe2 Qc4 15. Qxc4 bxc4 16. c3 Rg8 17. f4 Rb8 18. Rhe1 Kd8 19. Nc2 Rg6 20. Bf1 Bb5 21. Rd2 h5 22. Ne3 Rc8 23. a4 Bxa4 24. Bxc4 Bb5 25. Bb3 h4 26. f5 exf5 27. Bxf7 Rg7 28. Be6 Rc6 29. Nxf5 Rgc7 30. gxh4 Rh7 31. Rg1 Kc7 32. Rg6 Rc5 33. Bd5 Bd7 34. Rxf6 Rh8 35. Be6 Bxe6 36. Rxe6 Rxf5 37. exf5 Bh6 38. Rxh6 Rxh6 39. Rf2 Kd7 40. Kd2 Rxh4 41. Ke2 Ke7 42. f6+ Kf7 43. Kf1 a5 44. Ke1 a4 45. Kd1 a3 46. bxa3 Ra4 47. Kc2 Rxa3 48. Kb2 Ra4 49. Kb3 Rh4 50. Kc2 Rh3 51. Kd2 d5 52. Kc2 Re3 53. Rf5 Rh3 54. Rxd5 Rxh2+ 55. Kb3 Kxf6 56. c4 Ke6 57. Kb4 Rb2+ 58. Kc5 Rc2 59. Rd1 Rc3 60. Kb5 Rc2 61. c5 Rc3 62. Kb6 Rc2 63. c6 Ke7 64. Kb7 Rc4 65. c7 Rb4+ 66. Kc8 Rh4 67. Rb1 Kd6 68. Kb8 Rh8+ 69. c8=Q 1-0

[Event "Kitchener Winter op"]
[Site "Kitchener CAN"]
[Date "1998.02.22"]
[Round "4"]
[White "Brice, Ron"]
[Black "Cohen, David"]
[Result "1/2-1/2"]
[WhiteElo "2128"]
[BlackElo "2004"]
[PlyCount "88"]
[GameId "2160767911873881"]
[EventDate "1998.02.21"]
[EventType "swiss"]
[EventRounds "5"]
[EventCountry "CAN"]

1. c4 Nf6 2. g3 g6 3. Bg2 Bg7 4. Nc3 O-O 5. e4 e5 6. Nge2 d6 7. O-O Be6 8. d3 Qc8 9. b4 Bh3 10. f3 Nc6 11. b5 Bxg2 12. Kxg2 Nd4 13. Nxd4 exd4 14. Ne2 c5 15. bxc6 bxc6 16. Rb1 c5 17. Bf4 Qa6 18. Qc2 Rab8 19. Rxb8 Rxb8 20. Rb1 Rxb1 21. Qxb1 Nd7 22. Bd2 h6 23. Nf4 Qa3 24. Qb3 Qxb3 25. axb3 Ne5 26. b4 g5 27. Nd5 Nxd3 28. b5 Kf8 29. Ba5 Ke8 30. f4 Nb2 31. b6 axb6 32. Nxb6 d3 33. Kf1 Bd4 34. fxg5 hxg5 35. Ke1 Ke7 36. Kd2 Ke6 37. Bc3 Ke5 38. Bxb2 Bxb2 39. Kxd3 g4 40. Nd7+ Ke6 41. Nf8+ Ke7 42. Nh7 Bc1 43. e5 dxe5 44. Ke4 Ke6 1/2-1/2

[Event "Kitchener Winter op"]
[Site "Kitchener CAN"]
[Date "1998.02.22"]
[Round "4"]
[White "McTavish, Dale"]
[Black "Dougherty, Michael"]
[Result "0-1"]
[WhiteElo "2229"]
[BlackElo "2350"]
[PlyCount "100"]
[GameId "2160767911873882"]
[EventDate "1998.02.21"]
[EventType "swiss"]
[EventRounds "5"]
[EventCountry "CAN"]
[SourceTitle "CFC 1998.06"]

1. e4 c5 2. Nf3 e6 3. d4 cxd4 4. Nxd4 Nf6 5. Nc3 Nc6 6. Ndb5 d6 7. Bf4 e5 8. Bg5 a6 9. Na3 b5 10. Nd5 Qa5+ 11. Bd2 Qd8 12. Bg5 Be7 13. Bxf6 Bxf6 14. c3 Bg5 15. Nc2 Be6 16. a4 bxa4 17. Rxa4 a5 18. Bb5 Rc8 19. Qa1 O-O 20. Bxc6 Rxc6 21. Rxa5 f5 22. exf5 Bxf5 23. Ndb4 Rc5 24. Ra7 Be4 25. O-O Qe8 26. Qd1 Qg6 27. f3 Ba8 28. Qd3 e4 29. fxe4 Bxe4 30. Rxf8+ Kxf8 31. Qe2 h5 32. Ra1 Kg8 33. Re1 Re5 34. Qf2 Bh4 35. g3 Bd8 36. Na3 h4 37. Nc4 hxg3 38. hxg3 Rh5 39. Qf4 Rh1+ 40. Kf2 Rh2+ 41. Kf1 Qh5 42. Rxe4 Qd1+ 43. Re1 Rh1+ 44. Kg2 Rxe1 45. Nxd6 Rg1+ 46. Kh2 Rf1 47. Qc4+ Kf8 48. Qd5 Rf2+ 49. Kh3 Qf1+ 50. Kg4 Qe2+ 0-1

[Event "Labour Day op"]
[Site "Halifax CAN"]
[Date "1998.09.05"]
[Round "3"]
[White "Shea, Joseph"]
[Black "Fleury, Bruce"]
[Result "1-0"]
[WhiteElo "1587"]
[BlackElo "1793"]
[PlyCount "73"]
[GameId "2160767911806460"]
[EventDate "1998.09.04"]
[EventType "swiss"]
[EventRounds "8"]
[EventCountry "CAN"]

1. d4 Nf6 2. c4 e6 3. Nc3 Bb4 4. Qc2 d5 5. Bg5 h6 6. Bxf6 Qxf6 7. e3 Bd7 8. a3 Be7 9. cxd5 O-O 10. Nf3 c6 11. dxe6 Bxe6 12. h4 Nd7 13. Bd3 g6 14. Ne4 Qg7 15. O-O-O Rac8 16. Kb1 b5 17. Rdg1 a5 18. g4 a4 19. h5 Bb3 20. Qe2 g5 21. Nfxg5 Bxg5 22. Nxg5 Qxg5 23. f4 Qe7 24. g5 Kh8 25. gxh6 f5 26. Rg7 Rf7 27. Rhg1 Rxg7 28. hxg7+ Kg8 29. Bxf5 Rd8 30. h6 Nf6 31. h7+ Nxh7 32. Bxh7+ Kxh7 33. Qh5+ Kg8 34. Qh8+ Kf7 35. g8=Q+ Rxg8 36. Qxg8+ Kf6 37. Qg6# 1-0

[Event "Labour Day op"]
[Site "Halifax CAN"]
[Date "1998.09.06"]
[Round "4"]
[White "Cooke, Ray"]
[Black "Verma, Tony"]
[Result "1-0"]
[WhiteElo "1634"]
[BlackElo "1965"]
[PlyCount "79"]
[GameId "2160767911806461"]
[EventDate "1998.09.04"]
[EventType "swiss"]
[EventRounds "8"]
[EventCountry "CAN"]

1. e4 c5 2. Nf3 Nc6 3. d4 cxd4 4. Nxd4 g6 5. Nc3 Bg7 6. Be3 Nf6 7. Qd2 O-O 8. Be2 d6 9. h3 Bd7 10. O-O-O a6 11. g4 Rc8 12. g5 Ne8 13. h4 Nxd4 14. Bxd4 e5 15. Be3 f5 16. gxf6 Bxf6 17. h5 g5 18. Rdg1 h6 19. Nd5 Kh7 20. Bb6 Nc7 21. Nxc7 Rxc7 22. Bxc7 Qxc7 23. Kb1 Be7 24. Bg4 Bc6 25. Re1 Rf4 26. Bf5+ Kg7 27. Rh3 Qb6 28. Rhe3 Be8 29. Qe2 Rh4 30. Bg4 Bb5 31. Qd1 Rh2 32. Qf3 Rh4 33. Rh1 Rxh1+ 34. Qxh1 Bc6 35. Qf3 Bf6 36. Qf5 Be8 37. Qe6 Qc6 38. Rc3 Bf7 39. Rxc6 Bxe6 40. Rc7+ 1-0

[Event "Labour Day op"]
[Site "Halifax CAN"]
[Date "1998.09.06"]
[Round "4"]
[White "Wysocki, Antoni"]
[Black "Gulati, Justin"]
[Result "1-0"]
[WhiteElo "2047"]
[BlackElo "2081"]
[PlyCount "33"]
[GameId "2160767911806462"]
[EventDate "1998.09.04"]
[EventType "swiss"]
[EventRounds "8"]
[EventCountry "CAN"]

1. c4 g6 2. d4 Bg7 3. e4 d6 4. Nc3 Nc6 5. d5 Nd4 6. Be3 c5 7. Nge2 Qb6 8. Nxd4 cxd4 9. Na4 Qa5+ 10. Bd2 Qc7 11. c5 dxc5 12. Rc1 b6 13. b4 Qe5 14. Bb5+ Kf8 15. O-O cxb4 16. Qc2 f5 17. Qc6 1-0

[Event "Labour Day op"]
[Site "Halifax CAN"]
[Date "1998.09.07"]
[Round "6"]
[White "Saunders, Stephen"]
[Black "Wysocki, Antoni"]
[Result "1-0"]
[WhiteElo "2059"]
[BlackElo "2047"]
[PlyCount "75"]
[GameId "2160767911806463"]
[EventDate "1998.09.04"]
[EventType "swiss"]
[EventRounds "8"]
[EventCountry "CAN"]

1. d4 e6 2. c4 b6 3. Nc3 Bb7 4. e4 Bb4 5. Bd3 f5 6. d5 Qf6 7. Nge2 Ne7 8. O-O O-O 9. a3 Bd6 10. f4 a5 11. Be3 Bc5 12. Bxc5 bxc5 13. Qb3 Na6 14. dxe6 Rab8 15. Qc2 fxe4 16. Bxe4 Bxe4 17. Qxe4 dxe6 18. Rab1 Nf5 19. Nb5 Rbd8 20. Rfd1 Nd6 21. Qc6 Nb8 22. Qxc5 Nxb5 23. Qxb5 Qg6 24. Qxa5 Qc2 25. Qe1 Qxc4 26. Rdc1 Qb3 27. Qc3 Qb5 28. Qe3 Qd5 29. Nc3 Qd6 30. g3 Qb6 31. Qxb6 cxb6 32. Rd1 Nd7 33. Rd6 Kf7 34. Re1 Rfe8 35. Kf1 h6 36. Nb5 Nf6 37. Rxb6 Rd2 38. Nd6+ 1-0

[Event "Labour Day op"]
[Site "Halifax CAN"]
[Date "1998.09.07"]
[Round "7"]
[White "Villeneuve, Robert"]
[Black "Saunders, Stephen"]
[Result "1-0"]
[WhiteElo "2155"]
[BlackElo "2059"]
[PlyCount "41"]
[GameId "2160767911806464"]
[EventDate "1998.09.04"]
[EventType "swiss"]
[EventRounds "8"]
[EventCountry "CAN"]

1. e4 c5 2. Nf3 d6 3. d4 cxd4 4. Nxd4 Nf6 5. Nc3 a6 6. Bg5 e6 7. f4 b5 8. e5 dxe5 9. fxe5 Qc7 10. Qe2 Nfd7 11. O-O-O Bb7 12. Qg4 Qxe5 13. Bd3 Bc5 14. Nxe6 fxe6 15. Rhe1 h5 16. Bg6+ Kf8 17. Qh4 Qc7 18. Rf1+ Nf6 19. Bxf6 Kg8 20. Rd8+ Bf8 21. Rxf8+ 1-0

[Event "Labour Day op"]
[Site "Halifax CAN"]
[Date "1998.09.08"]
[Round "8"]
[White "Mayo, Alvah"]
[Black "Villeneuve, Robert"]
[Result "0-1"]
[WhiteElo "2066"]
[BlackElo "2155"]
[PlyCount "48"]
[GameId "2160767911806465"]
[EventDate "1998.09.04"]
[EventType "swiss"]
[EventRounds "8"]
[EventCountry "CAN"]

1. e4 c5 2. Nc3 Nc6 3. Nge2 g6 4. d4 cxd4 5. Nxd4 Bg7 6. Be3 Nf6 7. Bc4 O-O 8. Qd2 Ng4 9. Nxc6 dxc6 10. Qxd8 Rxd8 11. Bc5 b6 12. Bxe7 Re8 13. Nd5 Bxb2 14. O-O cxd5 15. Bxd5 Rxe7 16. Bxa8 Bxa1 17. Rxa1 Bb7 18. Bxb7 Rxb7 19. f3 Ne3 20. c3 Rc7 21. Rc1 Nc4 22. Rd1 Na3 23. Rc1 Nb5 24. c4 Na3 0-1

[Event "Laval XV"]
[Site "Laval CAN"]
[Date "1998.04.25"]
[Round "3"]
[White "Goldenberg, Danny"]
[Black "Sullivan, Neil"]
[Result "0-1"]
[WhiteElo "2312"]
[BlackElo "1854"]
[PlyCount "136"]
[GameId "2160767911873450"]
[EventDate "1998.04.24"]
[EventType "swiss"]
[EventRounds "5"]
[EventCountry "CAN"]

1. d4 d5 2. Nc3 Bf5 3. g3 Nf6 4. Bg2 e6 5. a3 c5 6. e3 Nc6 7. Nf3 Be7 8. O-O O-O 9. b3 Rc8 10. Bb2 a6 11. Qe2 Bg4 12. Rfd1 cxd4 13. exd4 h6 14. h3 Bf5 15. Rac1 b5 16. Ne5 Re8 17. Kh2 Qd6 18. f4 Rc7 19. Nb1 Na5 20. Qe1 Qb6 21. Nd3 Nb7 22. b4 Bxd3 23. Rxd3 Rec8 24. c3 Nd6 25. Nd2 Bf8 26. Qe2 a5 27. Nb3 axb4 28. axb4 Ra7 29. Rdd1 Nc4 30. Ra1 Rca8 31. Rxa7 Rxa7 32. Ra1 Rxa1 33. Bxa1 Qa7 34. Qc2 Qa3 35. Qb1 h5 36. Bf1 Bd6 37. h4 Ng4+ 38. Kg1 Nge3 39. Bd3 Kf8 40. Kf2 Ng4+ 41. Ke2 g6 42. Nd2 Kg7 43. Nxc4 dxc4 44. Be4 Nf6 45. Bf3 Be7 46. Bb2 Qb3 47. Kf2 Bxb4 48. Qc1 Be7 49. Kg2 Nd5 50. Bxd5 exd5 51. Kh3 b4 52. Qd2 bxc3 53. Bxc3 Bf6 54. Kh2 Qb1 55. Kg2 Qe4+ 56. Kh2 Be7 57. Kg1 Kf6 58. Kf2 Kf5 59. Ba5 Qh1 60. Qe3 Qe4 61. Qd2 Bf6 62. Bc3 Qh1 63. Qe3 Kg4 64. Be1 Qh2+ 65. Kf1 Qc2 66. Bd2 Qd3+ 67. Qxd3 cxd3 68. Kf2 Bxd4+ 0-1

[Event "Macedonian op"]
[Site "Toronto CAN"]
[Date "1998.09.05"]
[Round "1"]
[White "Kiviaho, Robert"]
[Black "Mitro, Dave"]
[Result "1-0"]
[WhiteElo "2249"]
[BlackElo "2030"]
[PlyCount "55"]
[GameId "2160767911806457"]
[EventDate "1998.09.05"]
[EventType "swiss"]
[EventRounds "6"]
[EventCountry "CAN"]

1. e4 c5 2. Nf3 d6 3. d4 cxd4 4. Nxd4 Nf6 5. Nc3 g6 6. Be3 Bg7 7. f3 O-O 8. Qd2 Nc6 9. Bc4 Bd7 10. O-O-O Ne5 11. Bb3 Qa5 12. h4 Rfc8 13. h5 Nxh5 14. Bh6 Bf6 15. Kb1 Nc4 16. Bxc4 Rxc4 17. Be3 Rac8 18. g4 Ng7 19. Nb3 Qd8 20. Qh2 h5 21. gxh5 Nxh5 22. Qg2 Rxc3 23. bxc3 Rxc3 24. Bd4 Bxd4 25. Rxd4 Ng7 26. Rd5 Bc6 27. Qh2 f6 28. Qh8+ 1-0

[Event "Macedonian op"]
[Site "Toronto CAN"]
[Date "1998.09.06"]
[Round "4"]
[White "Cooper, Andrew"]
[Black "Mitrovic, Bojana"]
[Result "1/2-1/2"]
[WhiteElo "1499"]
[BlackElo "1337"]
[PlyCount "48"]
[GameId "2160767911806458"]
[EventDate "1998.09.05"]
[EventType "swiss"]
[EventRounds "6"]
[EventCountry "CAN"]
[SourceTitle "CFC 1998.12"]
[Source "CFC"]
[SourceDate "1998.12.??"]
[SourceVersionDate "1998.12.??"]
[SourceQuality "1"]

1. d4 d5 2. Nf3 Bg4 3. Ne5 Nf6 4. Nc3 Bf5 5. h3 h6 6. g4 Bg6 7. Bg2 e6 8. a3 Bd6 9. Nxg6 fxg6 10. Qd3 Kf7 11. Bd2 Nc6 12. O-O-O g5 13. e4 dxe4 14. Nxe4 Rf8 15. Nxg5+ hxg5 16. Bxg5 Kg8 17. d5 Ne5 18. Qb3 c6 19. dxc6 bxc6 20. Qxe6+ Nf7 21. Bxc6 Rc8 22. Bd5 Qc7 23. Bb3 Bf4+ 24. Bxf4 Qxf4+ 1/2-1/2